The best of the computer faires

Guardat en:
Dades bibliogràfiques
Autor principal: Warren, Jim C.
Format: Llibre
Idioma:Undetermined
Publicat: San Francisco The Civic Auditorium 1980
Matèries:
Etiquetes: Afegir etiqueta
Sense etiquetes, Sigues el primer a etiquetar aquest registre!
Thư viện lưu trữ: Trung tâm Học liệu Trường Đại học Cần Thơ
LEADER 00543nam a2200193Ia 4500
001 CTU_99099
008 210402s9999 xx 000 0 und d
082 |a 001.64 
082 |b W289 
100 |a Warren, Jim C. 
245 4 |a The best of the computer faires 
245 0 |c Jim C. Warren 
260 |a San Francisco 
260 |b The Civic Auditorium 
260 |c 1980 
650 |a Electronic digital computers,Minicomputers 
650 |x Congresses,Congresses 
904 |i Truc 
980 |a Trung tâm Học liệu Trường Đại học Cần Thơ